Consonant-Vowel-Consonant-Vowel... Countries - Statistics

General Stats
  • This quiz has been taken 183 times
    153 since last reset
  • The average score is 18 of 35
Answer Stats
Continent Country % Correct
North America Canada
78%
Asia Japan
70%
North America Cuba
68%
South America Peru
68%
Oceania Fiji
63%
North America Mexico
63%
North America Panama
63%
Asia Iran
58%
Asia Iraq
58%
North America Belize
55%
Africa Mali
55%
Africa Togo
55%
Europe Italy
54%
Europe Kosovo
54%
North America Bahamas
53%
Oceania Kiribati
53%
South America Guyana
52%
North America Dominica
51%
Oceania Tuvalu
51%
Asia Oman
50%
South America Suriname
49%
Asia Yemen
48%
Africa Benin
45%
Europe Monaco
44%
Africa Comoros
43%
Africa Niger
43%
Africa Sudan
42%
Asia Lebanon
41%
Asia Nepal
40%
Asia Qatar
40%
Europe Belarus
38%
Africa Gabon
38%
Africa Malawi
37%
Africa Senegal
26%
Asia United Arab Emirates
19%
No matching quizzes found
Score Distribution
Percent of People with Each Score
Percentile by Number Answered
Your Score History
You have not taken this quiz since the last reset